| 000 | nam a22 7a 4500 | ||
|---|---|---|---|
| 999 |
_c330846 _d330846 |
||
| 003 | NUST | ||
| 005 | 20170816162139.0 | ||
| 008 | 170816b xxu||||| |||| 00| 0 eng d | ||
| 040 | _cNUST | ||
| 082 |
_a891.421 _bHAS |
||
| 100 |
_aKhawaja Ghulam Farid _93921 |
||
| 245 |
_aMeda ishq vi toon: _bsharah kalam hazrat Khawaja Ghulam Farid/ _ctarjuma Hameed Ullah Shah Hashmi |
||
| 260 |
_aLahore: _bMaktaba Daniyal, _c2001 |
||
| 300 | _a624 p. | ||
| 500 | _aPoetry | ||
| 546 | _aIn urdu | ||
| 650 |
_aUrdu Literature _9347 |
||
| 880 |
_6100-01\(3\r _aخواجہ غلام فرید |
||
| 880 |
_6245-02\(3\r _aمیڈا عشق وی توں: _bشرح کلام حضرت خواجہ غلام فرید _cترجمہ:حمید اللہ شاہ ہاشمی |
||
| 880 |
_6260-03\(3\r _aلاہور: _bمکتبہ دانیال، _c2001 |
||
| 942 |
_2ddc _cBK |
||